000 00695nam a2200241Ia 4500
003 OSt
005 20220918111515.0
006 a|||||r|||| 00| 0
007 cj aa aaaaa
008 220917b |||||||| |||| 00| 0 eng d
024 _a39041
037 _cDigitized Books
040 _aARTS
_cARTS
_beng
041 _2eng
_aeng
082 _a"O11198,3M70,2, G0"
100 _aRichardson Henry Handel
_910555
245 0 _aFortunes of Richrd Mahony Victoria
260 _aVictoria
_bminerva
_c1930
300 _a827p.
_ccm.
650 _aENGLISH LITERATURE
942 _h"O11198,3M70,2, G0"
_cEBOOK
_2CC
999 _c116618
_d116618